| Tag |
First Indicator |
Second Indicator |
Subfields |
| LEADER |
00000cam a2200000 4500 |
| 001 |
in00000455191 |
| 005 |
20151012090014.0 |
| 008 |
730207r1959 nyua b 00000 eng |
| 010 |
|
|
|a 59006978
|
| 035 |
|
|
|a (OCoLC)00554762
|
| 035 |
|
|
|9 ABY3807AM
|
| 040 |
|
|
|c CSU
|d TXA
|d UtOrBLW
|
| 049 |
|
|
|a TXAM
|c [318948]
|
| 050 |
0 |
0 |
|a HF5469
|b .H3 1959
|
| 082 |
0 |
|
|a 658.878
|
| 100 |
1 |
|
|a Handler, Julian H.
|
| 245 |
1 |
0 |
|a How to sell the supermarkets ;
|b for non-food manufacturers and distributors.
|
| 250 |
|
|
|a [2d ed.].
|
| 264 |
|
1 |
|a [New York] :
|b [Fairchild Publications],
|c [1959]
|
| 300 |
|
|
|a 181 pages :
|b illustrations ;
|c 23 cm.
|
| 336 |
|
|
|a text
|b txt
|2 rdacontent
|
| 337 |
|
|
|a unmediated
|b n
|2 rdamedia
|
| 338 |
|
|
|a volume
|b nc
|2 rdacarrier
|
| 500 |
|
|
|a First published in 1956 under title: Fundamentals of selling the supermarkets.
|
| 504 |
|
|
|a Includes bibliography.
|
| 650 |
|
0 |
|a Supermarkets.
|
| 999 |
|
|
|a MARS
|
| 999 |
f |
f |
|s 91325f9d-850d-37ad-a7af-0043483e83c7
|i 6fd5f24f-b48c-3b28-81a8-a895c63f769f
|t 0
|
| 952 |
f |
f |
|p ric
|a Texas A&M University
|b Rellis Campus
|c Joint Library Facility
|d Remote Storage
|t 0
|e HF5469 .H3 1959
|h Library of Congress classification
|i unmediated -- volume
|m A14802802968
|
| 998 |
f |
f |
|a HF5469 .H3 1959
|t 0
|l Remote Storage
|